東京23区の駅名から路線名(ランダム) - Statistics

General Stats
  • This quiz has been taken 588 times
    570 since last reset
  • The average score is 8 of 10
Answer Stats
駅名 路線名 % Correct
お花茶屋 京成本線
100%
お台場海浜公園 ゆりかもめ
100%
とうきょうスカイツリー 東武伊勢崎線
100%
モノレール浜松町 東京モノレール
100%
阿佐ケ谷 中央線(快速)、中央・総武線(各駅停車)
100%
綾瀬 常磐線(各駅停車)、東京メトロ千代田線
100%
一之江 都営新宿線
100%
羽田空港第1・第2ターミナル 京急空港線
100%
羽田空港第1ターミナル 東京モノレール
100%
羽田空港第2ターミナル 東京モノレール
100%
羽田空港第3ターミナル 京急空港線、東京モノレール
100%
永田町 東京メトロ有楽町線、東京メトロ半蔵門線、東京メトロ南北線
100%
越中島 京葉線
100%
押上 東武伊勢崎線、京成押上線、東京メトロ半蔵門線、都営浅草線
100%
下赤塚 東武東上線
100%
下北沢 京王井の頭線、小田急小田原線
100%
霞ケ関 東京メトロ丸ノ内線、東京メトロ日比谷線、東京メトロ千代田線
100%
学芸大学 東急東横線
100%
葛西 東京メトロ東西線
100%
葛西臨海公園 京葉線
100%
蒲田 京浜東北線、東急池上線、東急多摩川線
100%
岩本町 都営新宿線
100%
喜多見 小田急小田原線
100%
鬼子母神前 都電荒川線
100%
亀戸 総武線(各駅停車)、東武亀戸線
100%
久が原 東急池上線
100%
久我山 京王井の頭線
100%
牛込神楽坂 都営大江戸線
100%
牛込柳町 都営大江戸線
100%
京橋 東京メトロ銀座線
100%
京成曳舟 京成押上線
100%
京成関屋 京成本線
100%
京成高砂 京成本線、京成押上線、京成金町線、京成成田空港線、北総鉄道北総線
100%
京成小岩 京成本線
100%
京成上野 京成本線
100%
京成立石 京成押上線
100%
錦糸町 総武線(各駅停車)、総武線(快速)、東京メトロ半蔵門線
100%
銀座一丁目 東京メトロ有楽町線
100%
九段下 東京メトロ東西線、東京メトロ半蔵門線、都営新宿線
100%
駒場東大前 京王井の頭線
100%
穴守稲荷 京急空港線
100%
見沼代親水公園 日暮里・舎人ライナー
100%
原宿 山手線
100%
戸越公園 東急大井町線
100%
虎ノ門ヒルズ 東京メトロ日比谷線
100%
五反田 山手線、東急池上線、都営浅草線
100%
後楽園 東京メトロ丸ノ内線、東京メトロ南北線
100%
御成門 都営三田線
100%
御茶ノ水 中央線(快速)、中央・総武線(各駅停車)、東京メトロ丸ノ内線
100%
御徒町 山手線、京浜東北線
100%
護国寺 東京メトロ有楽町線
100%
広尾 東京メトロ日比谷線
100%
庚申塚 都電荒川線
100%
江古田 西武池袋線
100%
荒川区役所前 都電荒川線
100%
荒川車庫前 都電荒川線
100%
荒川二丁目 都電荒川線
100%
高井戸 京王井の頭線
100%
高円寺 中央線(快速)、中央・総武線(各駅停車)
100%
高田馬場 山手線、西武新宿線、東京メトロ東西線
100%
高輪ゲートウェイ 山手線、京浜東北線
100%
高輪台 都営浅草線
100%
国会議事堂前 東京メトロ丸ノ内線、東京メトロ千代田線
100%
根津 東京メトロ千代田線
100%
鷺ノ宮 西武新宿線
100%
三河島 常磐線(各駅停車)
100%
三軒茶屋 東急田園都市線、東急世田谷線
100%
三田 都営浅草線、都営三田線
100%
参宮橋 小田急小田原線
100%
山下 東急世田谷線
100%
四ツ谷 中央線(快速)、中央・総武線(各駅停車)、東京メトロ丸ノ内線、東京メトロ南北線
100%
市場前 ゆりかもめ
100%
志村三丁目 都営三田線
100%
汐留 都営大江戸線、ゆりかもめ
100%
篠崎 都営新宿線
100%
舎人 日暮里・舎人ライナー
100%
若松河田 都営大江戸線
100%
若林 東急世田谷線
100%
住吉 東京メトロ半蔵門線、都営新宿線
100%
十条 埼京線
100%
曙橋 都営新宿線
100%
勝どき 都営大江戸線
100%
小岩 総武線(各駅停車)
100%
小川町 都営新宿線
100%
松原 東急世田谷線
100%
上井草 西武新宿線
100%
上石神井 西武新宿線
100%
上野 東北新幹線、上越新幹線、山形新幹線、秋田新幹線、北陸新幹線、山手線、宇都宮線(東北線)、常磐線、高崎線、京浜東北線、上野東京ライン、東京メトロ銀座線、東京メトロ日比谷線
100%
上野御徒町 都営大江戸線
100%
新橋 東海道線、山手線、横須賀線、京浜東北線、上野東京ライン、東京メトロ銀座線、都営浅草線、ゆりかもめ
100%
新御茶ノ水 東京メトロ千代田線
100%
新御徒町 都営大江戸線、つくばエクスプレス
100%
新桜台 西武有楽町線
100%
新宿御苑前 東京メトロ丸ノ内線
100%
新宿西口 都営大江戸線
100%
新小岩 総武線(各駅停車)、総武線(快速)
100%
新整備場 東京モノレール
100%
新大久保 山手線
100%
新大塚 東京メトロ丸ノ内線
100%
新日本橋 総武線(快速)
100%
新富町 東京メトロ有楽町線
100%
新木場 京葉線、東京メトロ有楽町線、りんかい線
100%
神楽坂 東京メトロ東西線
100%
神泉 京王井の頭線
100%
神田 山手線、中央線(快速)、京浜東北線、東京メトロ銀座線
100%
人形町 東京メトロ日比谷線、都営浅草線
100%
水天宮前 東京メトロ半蔵門線
100%
成城学園前 小田急小田原線
100%
整備場 東京モノレール
100%
西ヶ原四丁目 都電荒川線
100%
西永福 京王井の頭線
100%
西葛西 東京メトロ東西線
100%
西高島平 都営三田線
100%
西新井 東武伊勢崎線、東武大師線
100%
西新宿五丁目 都営大江戸線
100%
西早稲田 東京メトロ副都心線
100%
西台 都営三田線
100%
西大島 都営新宿線
100%
西武新宿 西武新宿線
100%
石神井公園 西武池袋線
100%
赤羽 宇都宮線(東北線)、埼京線、高崎線、京浜東北線、湘南新宿ライン、上野東京ライン
100%
赤羽岩淵 東京メトロ南北線、埼玉高速鉄道線
100%
赤坂 東京メトロ千代田線
100%
赤坂見附 東京メトロ銀座線、東京メトロ丸ノ内線
100%
雪が谷大塚 東急池上線
100%
千川 東京メトロ有楽町線、東京メトロ副都心線
100%
千駄ケ谷 中央・総武線(各駅停車)
100%
千駄木 東京メトロ千代田線
100%
浅草 東武伊勢崎線、東京メトロ銀座線、都営浅草線、つくばエクスプレス
100%
浅草橋 総武線(各駅停車)、都営浅草線
100%
早稲田 東京メトロ東西線、都電荒川線
100%
巣鴨 山手線、都営三田線
100%
巣鴨新田 都電荒川線
100%
足立小台 日暮里・舎人ライナー
100%
多摩川 東急東横線、東急目黒線、東急多摩川線
100%
代々木 山手線、中央・総武線(各駅停車)、都営大江戸線
100%
代々木公園 東京メトロ千代田線
100%
代々木上原 小田急小田原線、東京メトロ千代田線
100%
大久保 中央・総武線(各駅停車)
100%
大山 東武東上線
100%
大手町 東京メトロ丸ノ内線、東京メトロ東西線、東京メトロ千代田線、東京メトロ半蔵門線、都営三田線
100%
大森 京浜東北線
100%
大森海岸 京急本線
100%
大森町 京急本線
100%
大鳥居 京急空港線
100%
大塚 山手線
100%
大塚駅前 都電荒川線
100%
大門 都営大江戸線、都営浅草線
100%
滝野川一丁目 都電荒川線
100%
辰巳 東京メトロ有楽町線
100%
谷在家 日暮里・舎人ライナー
100%
地下鉄成増 東京メトロ有楽町線、東京メトロ副都心線
100%
池上 東急池上線
100%
池袋 山手線、埼京線、湘南新宿ライン、東武東上線、西武池袋線、東京メトロ丸ノ内線、東京メトロ有楽町線、東京メトロ副都心線
100%
築地 東京メトロ日比谷線
100%
築地市場 都営大江戸線
100%
竹芝 ゆりかもめ
100%
中井 西武新宿線、都営大江戸線
100%
中目黒 東急東横線、東京メトロ日比谷線
100%
中野 中央線(快速)、中央・総武線(各駅停車)、東京メトロ東西線
100%
中野坂上 東京メトロ丸ノ内線、都営大江戸線
100%
長原 東急池上線
100%
田園調布 東急東横線、東急目黒線
100%
田端 山手線、京浜東北線
100%
田町 山手線、京浜東北線
100%
都電雑司ヶ谷 都電荒川線
100%
都立大学 東急東横線
100%
東京テレポート りんかい線
100%
東銀座 東京メトロ日比谷線、都営浅草線
100%
東高円寺 東京メトロ丸ノ内線
100%
東十条 京浜東北線
100%
東大前 東京メトロ南北線
100%
東大島 都営新宿線
100%
東池袋四丁目 都電荒川線
100%
東長崎 西武池袋線
100%
東日本橋 都営浅草線
100%
東武練馬 東武東上線
100%
東陽町 東京メトロ東西線
100%
等々力 東急大井町線
100%
南新宿 小田急小田原線
100%
南千住 常磐線、上野東京ライン、東京メトロ日比谷線、つくばエクスプレス
100%
二重橋前 東京メトロ千代田線
100%
日比谷 東京メトロ日比谷線、東京メトロ千代田線、都営三田線
100%
日暮里 山手線、常磐線、京浜東北線、上野東京ライン、京成本線、日暮里・舎人ライナー
100%
日本橋 東京メトロ銀座線、東京メトロ東西線、都営浅草線
100%
馬喰横山 都営新宿線
100%
馬喰町 総武線(快速)
100%
梅ヶ丘 小田急小田原線
100%
梅屋敷 京急本線
100%
白山 都営三田線
100%
八丁堀 京葉線、東京メトロ日比谷線
100%
半蔵門 東京メトロ半蔵門線
100%
板橋区役所前 都営三田線
100%
表参道 東京メトロ銀座線、東京メトロ千代田線、東京メトロ半蔵門線
100%
品川 東海道新幹線、東海道線、山手線、横須賀線、京浜東北線、上野東京ライン、京急本線
100%
浮間舟渡 埼京線
100%
平井 総武線(各駅停車)
100%
平和台 東京メトロ有楽町線、東京メトロ副都心線
100%
平和島 京急本線
100%
宝町 都営浅草線
100%
方南町 東京メトロ丸ノ内線
100%
豊洲 東京メトロ有楽町線、ゆりかもめ
100%
北品川 京急本線
100%
麻布十番 東京メトロ南北線、都営大江戸線
100%
末広町 東京メトロ銀座線
100%
明大前 京王線、京王井の頭線
100%
目黒 山手線、東急目黒線、東京メトロ南北線、都営三田線
100%
目白 山手線
100%
門前仲町 東京メトロ東西線、都営大江戸線
100%
有楽町 山手線、京浜東北線、東京メトロ有楽町線
100%
有明テニスの森 ゆりかもめ
100%
用賀 東急田園都市線
100%
要町 東京メトロ有楽町線、東京メトロ副都心線
100%
立会川 京急本線
100%
流通センター 東京モノレール
100%
溜池山王 東京メトロ銀座線、東京メトロ南北線
100%
両国 総武線(各駅停車)、都営大江戸線
100%
緑が丘 東急大井町線
100%
練馬春日町 都営大江戸線
100%
六郷土手 京急本線
100%
六本木 東京メトロ日比谷線、都営大江戸線
100%
六本木一丁目 東京メトロ南北線
100%
糀谷 京急空港線
100%
鶯谷 山手線、京浜東北線
100%
恵比寿 山手線、埼京線、湘南新宿ライン、東京メトロ日比谷線、相鉄・JR直通線
100%
渋谷 山手線、埼京線、湘南新宿ライン、京王井の頭線、東急東横線、東急田園都市線、東京メトロ銀座線、東京メトロ半蔵門線、東京メトロ副都心線、相鉄・JR直通線
100%
新宿 山手線、中央線(快速)、中央・総武線(各駅停車)、埼京線、湘南新宿ライン、京王線、京王新線、小田急小田原線、東京メトロ丸ノ内線、相鉄・JR直通線、都営大江戸線、都営新宿線
100%
西大井 横須賀線、湘南新宿ライン、相鉄・JR直通線
100%
大崎 山手線、埼京線、湘南新宿ライン、相鉄・JR直通線、りんかい線
100%
小竹向原 西武有楽町線、東京メトロ有楽町線、東京メトロ副都心線
90%
青山一丁目 東京メトロ銀座線、東京メトロ半蔵門線、都営大江戸線
90%
飯田橋 中央・総武線(各駅停車)、東京メトロ東西線、東京メトロ有楽町線、東京メトロ南北線、都営大江戸線
90%
中野新橋 東京メトロ丸ノ内線
89%
都立家政 西武新宿線
89%
東雲 りんかい線
89%
北綾瀬 東京メトロ千代田線
89%
京急蒲田 京急本線、京急空港線
88%
市ケ谷 中央・総武線(各駅停車)、東京メトロ有楽町線、東京メトロ南北線、都営新宿線
88%
上野毛 東急大井町線
88%
青海 ゆりかもめ
88%
大岡山 東急目黒線、東急大井町線
88%
尾久 宇都宮線(東北線)、高崎線、上野東京ライン
88%
下高井戸 京王線、東急世田谷線
86%
外苑前 東京メトロ銀座線
86%
京成金町 京成金町線
86%
江戸川橋 東京メトロ有楽町線
86%
新高島平 都営三田線
86%
西巣鴨 都営三田線
86%
代官山 東急東横線
86%
地下鉄赤塚 東京メトロ有楽町線、東京メトロ副都心線
86%
東京国際クルーズターミナル ゆりかもめ
86%
有明 ゆりかもめ
86%
下丸子 東急多摩川線
83%
旗の台 東急大井町線、東急池上線
83%
牛田 東武伊勢崎線
83%
銀座 東京メトロ銀座線、東京メトロ丸ノ内線、東京メトロ日比谷線
83%
戸越 都営浅草線
83%
虎ノ門 東京メトロ銀座線
83%
桜田門 東京メトロ有楽町線
83%
柴又 京成金町線
83%
芝公園 都営三田線
83%
上野広小路 東京メトロ銀座線
83%
新高円寺 東京メトロ丸ノ内線
83%
新宿三丁目 東京メトロ丸ノ内線、東京メトロ副都心線、都営新宿線
83%
新中野 東京メトロ丸ノ内線
83%
西日暮里 山手線、京浜東北線、東京メトロ千代田線、日暮里・舎人ライナー
83%
赤土小学校前 日暮里・舎人ライナー
83%
洗足 東急目黒線
83%
洗足池 東急池上線
83%
船堀 都営新宿線
83%
竹ノ塚 東武伊勢崎線
83%
天王洲アイル 東京モノレール、りんかい線
83%
天空橋 京急空港線、東京モノレール
83%
東尾久三丁目 都電荒川線
83%
内幸町 都営三田線
83%
白金台 東京メトロ南北線、都営三田線
83%
幡ヶ谷 京王新線
83%
不動前 東急目黒線
83%
富士見ヶ丘 京王井の頭線
83%
武蔵小山 東急目黒線
83%
永福町 京王井の頭線
80%
駒沢大学 東急田園都市線
80%
高島平 都営三田線
80%
鮫洲 京急本線
80%
舎人公園 日暮里・舎人ライナー
80%
新江古田 都営大江戸線
80%
新代田 京王井の頭線
80%
新豊洲 ゆりかもめ
80%
森下 都営大江戸線、都営新宿線
80%
水道橋 中央・総武線(各駅停車)、都営三田線
80%
清澄白河 東京メトロ半蔵門線、都営大江戸線
80%
西新宿 東京メトロ丸ノ内線
80%
青井 つくばエクスプレス
80%
泉岳寺 京急本線、都営浅草線
80%
大崎広小路 東急池上線
80%
中延 東急大井町線、都営浅草線
80%
町屋駅前 都電荒川線
80%
田原町 東京メトロ銀座線
80%
南阿佐ケ谷 東京メトロ丸ノ内線
80%
乃木坂 東京メトロ千代田線
80%
白金高輪 東京メトロ南北線、都営三田線
80%
富士見台 西武池袋線
80%
北参道 東京メトロ副都心線
80%
本郷三丁目 東京メトロ丸ノ内線、都営大江戸線
80%
明治神宮前 東京メトロ千代田線、東京メトロ副都心線
80%
テレコムセンター ゆりかもめ
75%
ときわ台 東武東上線
75%
井荻 西武新宿線
75%
稲荷町 東京メトロ銀座線
75%
鵜の木 東急多摩川線
75%
曳舟 東武伊勢崎線、東武亀戸線
75%
下井草 西武新宿線
75%
経堂 小田急小田原線
75%
月島 東京メトロ有楽町線、都営大江戸線
75%
荒川七丁目 都電荒川線
75%
麹町 東京メトロ有楽町線
75%
笹塚 京王線、京王新線
75%
四谷三丁目 東京メトロ丸ノ内線
75%
志村坂上 都営三田線
75%
春日 都営大江戸線、都営三田線
75%
上中里 京浜東北線
75%
上町 東急世田谷線
75%
新庚申塚 都電荒川線
75%
神保町 東京メトロ半蔵門線、都営三田線、都営新宿線
75%
瑞江 都営新宿線
75%
西馬込 都営浅草線
75%
祖師ヶ谷大蔵 小田急小田原線
75%
台場 ゆりかもめ
75%
池ノ上 京王井の頭線
75%
池尻大橋 東急田園都市線
75%
町屋 京成本線、東京メトロ千代田線
75%
町屋二丁目 都電荒川線
75%
東京 東海道新幹線、東北新幹線、上越新幹線、山形新幹線、秋田新幹線、北陸新幹線、東海道線、山手線、中央線(快速)、横須賀・総武線(快速)、宇都宮線(東北線)、京葉線、京浜東北線、上野東京ライン、東京メトロ丸ノ内線
75%
東北沢 小田急小田原線
75%
氷川台 東京メトロ有楽町線、東京メトロ副都心線
75%
武蔵関 西武新宿線
75%
本所吾妻橋 都営浅草線
75%
木場 東京メトロ東西線
75%
落合 東京メトロ東西線
75%
茗荷谷 東京メトロ丸ノ内線
75%
亀有 常磐線(各駅停車)
71%
秋葉原 山手線、総武線(各駅停車)、京浜東北線、東京メトロ日比谷線、つくばエクスプレス
71%
西新井大師西 日暮里・舎人ライナー
71%
竹橋 東京メトロ東西線
71%
椎名町 西武池袋線
71%
東京ビッグサイト ゆりかもめ
71%
日の出 ゆりかもめ
71%
浜田山 京王井の頭線
71%
落合南長崎 都営大江戸線
71%
世田谷代田 小田急小田原線
70%
芦花公園 京王線
67%
荻窪 中央線(快速)、中央・総武線(各駅停車)、東京メトロ丸ノ内線
67%
梶原 都電荒川線
67%
駒込 山手線、東京メトロ南北線
67%
熊野前 都電荒川線、日暮里・舎人ライナー
67%
荒川遊園地前 都電荒川線
67%
豪徳寺 小田急小田原線
67%
国立競技場 都営大江戸線
67%
雑司が谷 東京メトロ副都心線
67%
雑色 京急本線
67%
三ノ輪橋 都電荒川線
67%
三越前 東京メトロ銀座線、東京メトロ半蔵門線
67%
志茂 東京メトロ南北線
67%
自由が丘 東急東横線、東急大井町線
67%
初台 京王新線
67%
小台 都電荒川線
67%
小伝馬町 東京メトロ日比谷線
67%
上北沢 京王線
67%
神谷町 東京メトロ日比谷線
67%
西荻窪 中央線(快速)、中央・総武線(各駅停車)
67%
青砥 京成本線、京成押上線
67%
青物横丁 京急本線
67%
赤羽橋 都営大江戸線
67%
扇大橋 日暮里・舎人ライナー
67%
蔵前 都営大江戸線、都営浅草線
67%
大井競馬場前 東京モノレール
67%
大島 都営新宿線
67%
仲御徒町 東京メトロ日比谷線
67%
潮見 京葉線
67%
都庁前 都営大江戸線
67%
東向島 東武伊勢崎線
67%
東池袋 東京メトロ有楽町線
67%
東中野 中央・総武線(各駅停車)、都営大江戸線
67%
入谷 東京メトロ日比谷線
67%
馬込 都営浅草線
67%
梅島 東武伊勢崎線
67%
板橋 埼京線
67%
板橋本町 都営三田線
67%
浜松町 山手線、京浜東北線
67%
武蔵新田 東急多摩川線
67%
豊島園 西武豊島線、都営大江戸線
67%
祐天寺 東急東横線
67%
練馬高野台 西武池袋線
67%
蓮根 都営三田線
67%
成増 東武東上線
64%
本駒込 東京メトロ南北線
64%
学習院下 都電荒川線
63%
王子駅前 都電荒川線
60%
下板橋 東武東上線
60%
下落合 西武新宿線
60%
菊川 都営新宿線
60%
荒川一中前 都電荒川線
60%
四ツ木 京成押上線
60%
小菅 東武伊勢崎線
60%
鐘ヶ淵 東武伊勢崎線
60%
上板橋 東武東上線
60%
新板橋 都営三田線
60%
千歳烏山 京王線
60%
代々木八幡 小田急小田原線
60%
中野富士見町 東京メトロ丸ノ内線
60%
飛鳥山 都電荒川線
60%
北千住 常磐線、上野東京ライン、東武伊勢崎線、東京メトロ日比谷線、東京メトロ千代田線、つくばエクスプレス
60%
金町 常磐線(各駅停車)
57%
南砂町 東京メトロ東西線
57%
五反野 東武伊勢崎線
55%
王子神谷 東京メトロ南北線
50%
茅場町 東京メトロ日比谷線、東京メトロ東西線
50%
亀戸水神 東武亀戸線
50%
宮ノ前 都電荒川線
50%
九品仏 東急大井町線
50%
戸越銀座 東急池上線
50%
光が丘 都営大江戸線
50%
江戸川 京成本線
50%
江北 日暮里・舎人ライナー
50%
高野 日暮里・舎人ライナー
50%
桜上水 京王線
50%
桜台 西武池袋線
50%
三ノ輪 東京メトロ日比谷線
50%
松陰神社前 東急世田谷線
50%
信濃町 中央・総武線(各駅停車)
50%
新井薬師前 西武新宿線
50%
新柴又 北総鉄道北総線
50%
新馬場 京急本線
50%
西ケ原 東京メトロ南北線
50%
西小山 東急目黒線
50%
千歳船橋 小田急小田原線
50%
千住大橋 京成本線
50%
千石 都営三田線
50%
大井町 京浜東北線、東急大井町線、りんかい線
50%
大師前 東武大師線
50%
大泉学園 西武池袋線
50%
淡路町 東京メトロ丸ノ内線
50%
中村橋 西武池袋線
50%
中板橋 東武東上線
50%
湯島 東京メトロ千代田線
50%
品川シーサイド りんかい線
50%
浜町 都営新宿線
50%
北赤羽 埼京線
50%
練馬 西武池袋線、西武有楽町線、西武豊島線、都営大江戸線
50%
蓮沼 東急池上線
50%
六町 つくばエクスプレス
50%
宮の坂 東急世田谷線
44%
下神明 東急大井町線
43%
小村井 東武亀戸線
43%
荏原中延 東急池上線
40%
王子 京浜東北線、東京メトロ南北線
40%
桜新町 東急田園都市線
40%
芝浦ふ頭 ゆりかもめ
40%
沼部 東急多摩川線
40%
新三河島 京成本線
40%
世田谷 東急世田谷線
40%
代田橋 京王線
40%
八広 京成押上線
40%
北池袋 東武東上線
40%
御嶽山 東急池上線
33%
昭和島 東京モノレール
33%
千鳥町 東急池上線
33%
東松原 京王井の頭線
33%
北千束 東急大井町線
33%
本蓮沼 都営三田線
33%
面影橋 都電荒川線
33%
野方 西武新宿線
33%
栄町 都電荒川線
29%
向原 都電荒川線
25%
西太子堂 東急世田谷線
25%
二子玉川 東急田園都市線、東急大井町線
25%
尾山台 東急大井町線
25%
堀切菖蒲園 京成本線
25%
奥沢 東急目黒線
20%
矢口渡 東急多摩川線
20%
荏原町 東急大井町線
0%
国際展示場 りんかい線
0%
沼袋 西武新宿線
0%
石川台 東急池上線
0%
東あずま 東武亀戸線
0%
東新宿 東京メトロ副都心線、都営大江戸線
0%
八幡山 京王線
0%
堀切 東武伊勢崎線
0%
No matching quizzes found
Score Distribution
Percent of People with Each Score
Percentile by Number Answered
Your Score History
You have not taken this quiz since the last reset